| 000 | 06627nam a22019574i 4500 | ||
|---|---|---|---|
| 003 | PE-LiUPU | ||
| 005 | 20250813165353.0 | ||
| 008 | 140912s2014 sp a r 001 0 spa d | ||
| 017 |
_aB 10277-2014 _bOficina Depósito Legal Barcelona |
||
| 020 | _a849022109X | ||
| 020 | _a8490221103 | ||
| 020 |
_a9788490221099 _qv. 1 |
||
| 020 |
_a9788490221105 _qv. 2 |
||
| 035 | _a(Sirsi) i9788490221099 | ||
| 040 |
_aBNM _bspa _erda _cBNM _dESUCM _dPE-LiUPU |
||
| 080 | _a364.444 | ||
| 082 | 0 | 4 |
_a6141bA8 _220 |
| 245 | 0 | 0 |
_aAtención primaria / _ceditores, A. Martín Zurro, J.F. Cano Pérez, J. Gené Badia ; equipo de colaboradores editoriales, R. Ciurana Misol, X. Mundet Tuduri, R. M®. Gimbert Ràfols. |
| 246 | 1 | 3 | _aPrincipios, organización y métodos en medicina de familia. |
| 246 | 1 | 3 | _aProblemas de la salud en la consulta de medicina de la familia. |
| 250 | _aSéptima edición. | ||
| 264 |
_aBarcelona : _bElsevier, _c2014 |
||
| 300 |
_a2 volumenes : _bilustraciones ; _c29 centímetros |
||
| 336 |
_atext _2rdacontent |
||
| 337 |
_aunmediated _2rdamedia |
||
| 338 |
_avolume _2rdacarrier |
||
| 505 | 0 |
_gTomo 1. _t Atención primaria de salud -- Organización de las actividades en atención primaria: el centro y el equipo de salud -- Gestión en atención primaria -- Entrevista clíinica y relación asistencial. La atención centrada en la persona -- La dimensión familiar en atención primaria -- Inmigración y Atención Primaria -- Participación e intervención comunitarias -- Abordaje de la cronicidad -- Docencia en Atención Primaria y Medicina de Familia -- Introducción a la investigación -- Investigación cuantitativa: elementos de epidemiología y estadística -- Investigación cualitativa -- Medición de la calidad de vida relacionada con la salud -- Medicina basada en la evidencia en Atención Primaria -- Recomendaciones para la práctica clínica. Guías, protocolos y consensos -- Ética y Medicina de Familia -- Medicina Familiar en España y otros países -- La salud de la comunidad. Atención Primaria Orientada a la Comunidad (APOC) -- Historia clínica y sistemas de registro -- Teleasistencia, Internet y comunidades virtuales de pacientes -- Prescripción de medicamentos en Atención Primaria: determinantes, estrategias de mejora y resultados -- Mejora continua de la calidad. La seguridad del paciente -- Actividades preventivas y de promoción de la salud -- Riesgos del uso de los servicios sanitarios. La prevención cuaternaria -- Factores de riesgo: aspectos generales -- Educación para la salud. El empoderamiento de la ciudadanía. |
|
| 505 | 0 |
_gTomo 2. _tPromoción y prevención -- Factores de riesgo -- Problemas de salud en la consulta. |
|
| 526 | _aP203 | ||
| 526 | _aP200 | ||
| 526 | _aSEG65 | ||
| 526 | _aSEG64 | ||
| 526 | _aSEG63 | ||
| 526 | _aSEG62 | ||
| 526 | _aSEG61 | ||
| 526 | _aSEG60 | ||
| 526 | _aSEG59 | ||
| 526 | _aSEG58 | ||
| 526 | _aSEG57 | ||
| 526 | _aSEG56 | ||
| 526 | _aSEG55 | ||
| 526 | _aSEG54 | ||
| 526 | _aSEG53 | ||
| 526 | _aSEG52 | ||
| 526 | _aSEG51 | ||
| 526 | _aSEG50 | ||
| 526 | _aSEG49 | ||
| 526 | _aSEG48 | ||
| 526 | _aSEG47 | ||
| 526 | _aSEG46 | ||
| 526 | _aSEG24 | ||
| 526 | _aSEG23 | ||
| 526 | _aSEG22 | ||
| 526 | _aSEG21 | ||
| 526 | _aSEG20 | ||
| 526 | _aSEG19 | ||
| 526 | _aSEG18 | ||
| 526 | _aSEG17 | ||
| 526 | _aSEG16 | ||
| 526 | _aSEG14 | ||
| 526 | _aSEG13 | ||
| 526 | _aSEG12 | ||
| 526 | _aSEG11 | ||
| 526 | _aSEG10 | ||
| 526 | _aSEG09 | ||
| 526 | _aSEG06 | ||
| 526 | _aSEG05 | ||
| 526 | _aSEG04 | ||
| 526 | _aSEG03 | ||
| 526 | _aSEG02 | ||
| 526 | _aSEG68 | ||
| 526 | _aSEG66 | ||
| 526 | _aSEG45 | ||
| 526 | _aSEG25 | ||
| 526 | _aSEG01 | ||
| 526 | _aP163 | ||
| 526 | _aP162 | ||
| 526 | _aP161 | ||
| 526 | _aP160 | ||
| 526 | _aP159 | ||
| 526 | _aP158 | ||
| 526 | _aP157 | ||
| 526 | _aP156 | ||
| 526 | _aP155 | ||
| 526 | _aP154 | ||
| 526 | _aP153 | ||
| 526 | _aP152 | ||
| 526 | _aP151 | ||
| 526 | _aP150 | ||
| 526 | _aP149 | ||
| 526 | _aP142 | ||
| 526 | _aP141 | ||
| 526 | _aP140 | ||
| 526 | _aP139 | ||
| 526 | _aP138 | ||
| 526 | _aP137 | ||
| 526 | _aP132 | ||
| 526 | _aP131 | ||
| 526 | _aP130 | ||
| 526 | _aP126 | ||
| 526 | _aP125 | ||
| 526 | _aP124 | ||
| 526 | _aP123 | ||
| 526 | _aP115 | ||
| 526 | _aP122 | ||
| 526 | _aP121 | ||
| 526 | _aP116 | ||
| 526 | _a P114 | ||
| 526 | _aP112 | ||
| 526 | _aP111 | ||
| 526 | _aP104 | ||
| 526 | _aP103 | ||
| 526 | _aP102 | ||
| 526 | _aP101 | ||
| 526 | _aP100 | ||
| 526 | _aP96 | ||
| 526 | _aP95 | ||
| 526 | _aP93 | ||
| 526 | _aP92 | ||
| 526 | _aP91 | ||
| 526 | _aP88 | ||
| 526 | _aP83 | ||
| 526 | _aP82 | ||
| 526 | _aP79 | ||
| 526 | _aP78 | ||
| 526 | _aP75 | ||
| 526 | _aP74 | ||
| 526 | _aP71 | ||
| 526 | _aP69 | ||
| 526 | _a P51 | ||
| 526 | _aP49 | ||
| 526 | _aP48 | ||
| 526 | _aP47 | ||
| 526 | _aP33 | ||
| 526 | _aP31 | ||
| 526 | _a P30 | ||
| 526 | _aP29 | ||
| 526 | _aP27 | ||
| 526 | _aP26 | ||
| 526 | _aP25 | ||
| 526 | _aP24 | ||
| 526 | _a P22 | ||
| 526 | _aP10 | ||
| 526 | _aP09 | ||
| 526 | _a P08 | ||
| 526 | _aP06 | ||
| 526 | _aP05 | ||
| 526 | _aP04 | ||
| 526 | _aP01 | ||
| 541 | _g001-000507; | ||
| 650 | 1 | 7 |
_aAtención primaria _2embne |
| 700 | 1 |
_aCano Pérez, J. F., _eeditor. |
|
| 700 | 1 |
_aCiurana Misol R., _colaborador. |
|
| 700 | 1 |
_aGené Badia, J., _eeditor. |
|
| 700 | 1 |
_aGimbert Ràfols R.M., _ecolaborador. |
|
| 700 | 1 |
_aMartín Zurro, A., _eeditor. |
|
| 700 | 1 |
_aMundet Tuduri, X., _ecolaborador. |
|
| 910 |
_ajck _bebj _cebj _d20160722 |
||
| 942 |
_2ddc _cBOOK |
||
| 949 |
_a614 A8 1 _wDEWEY _c1 _i74193 _lCCODEBUL1 _mBUL _p96.00 _r0 _sY _tBOOK _u2016-7-22 _xSALUD _PP22 _0COMPRA _o.STAFF. CIRCNOTE. El documento es de alto precio. _o.STAFF. Colección General |
||
| 949 |
_a614 A8 2 _wDEWEY _c1 _i74194 _lCCODEBUL1 _mBUL _p96.00 _r0 _sY _tBOOK _u2016-7-22 _xSALUD _PP22 _0COMPRA _o.STAFF. CIRCNOTE. El documento es de alto precio. _o.STAFF. Colección General |
||
| 994 |
_aC0 _bPEPRU |
||
| 596 | _a1 | ||
| 999 |
_a614 A8 1 _wDEWEY _c11459 _i74193 _f2021-11-4 _g5 _lCCODEBUL1 _mBUL _p96.00 _r0 _sY _tBOOK _u2016-7-22 _xSALUD _PP22 _0COMPRA _o.STAFF. CIRCNOTE. El documento es de alto precio. _o.STAFF. Colección General _d11459 |
||
| 999 |
_a614 A8 2 _wDEWEY _c1 _i74194 _d2019-11-8 _f2021-11-4 _g5 _lCCODEBUL1 _mBUL _p96.00 _q4 _r0 _sY _tBOOK _u2016-7-22 _xSALUD _PP22 _0COMPRA _o.STAFF. CIRCNOTE. El documento es de alto precio. _o.STAFF. Colección General |
||
| 980 |
_81 _gALBERTO SANCHEZ Responsable de Automatización |
||